| 000 | 00444pab a2200169 454500 | ||
|---|---|---|---|
| 008 | 180718b2013 xxu||||| |||| 00| 0 eng d | ||
| 100 | _aBalogh, V. | ||
| 245 | _aInstitution design in Hungary: A case study of unfair commercial practice directive | ||
| 260 | _c2013 | ||
| 300 | _ap.343-365. | ||
| 362 | _aSep | ||
| 650 | _aConsumers | ||
| 700 | _aCseres, K. J. | ||
| 773 | _aJournal of Consumer Policy | ||
| 908 | _aN | ||
| 909 | _a101493 | ||
| 999 |
_c101491 _d101491 |
||